<?xml version="1.0" encoding="UTF-8"?>
<marc:record xmlns:marc="http://www.loc.gov/MARC21/slim">
   <marc:leader>00000nam a2200000 a 4500</marc:leader>
   <marc:datafield ind1="1" ind2=" " tag="100">
      <marc:subfield code="a">Hellmiß, Margot</marc:subfield>
      <marc:subfield code="4">aut</marc:subfield>
      <marc:subfield code="e">Verfasser/-in</marc:subfield>
   </marc:datafield>
   <marc:datafield ind1=" " ind2=" " tag="653">
      <marc:subfield code="a">Tiere</marc:subfield>
   </marc:datafield>
   <marc:datafield ind1="0" ind2="0" tag="245">
      <marc:subfield code="a">Junior Tieratlas</marc:subfield>
   </marc:datafield>
   <marc:datafield ind1=" " ind2="1" tag="264">
      <marc:subfield code="b">Loewes</marc:subfield>
   </marc:datafield>
   <marc:datafield ind1="1" ind2=" " tag="520">
      <marc:subfield code="a">Eine faszinierende Reise durch die Tierwelt. Gezeigt werden mehr als 200 Tiere in ihren Lebensräumen. Darunter sind nicht nur allgemein bekannte Vertreter aus dem Tierreich, sondern auch "Exoten", die durch kuriose Verhaltensweisen und bizarres Aussehen verblüffen. Ein fesselndes Lesevergnügen und zugleich ein informatives Nachschlagewerk!</marc:subfield>
   </marc:datafield>
   <marc:datafield ind1=" " ind2=" " tag="020">
      <marc:subfield code="a">9783785528051</marc:subfield>
      <marc:subfield code="9">9783785528051</marc:subfield>
   </marc:datafield>
</marc:record>
